Problemy razvitii︠a︡ sovremennoĭ nauki : [Sb. stateĭ] /
Saved in:
| Corporate Author: | |
|---|---|
| Other Authors: | |
| Format: | Book |
| Language: | Russian |
| Published: |
Novosibirsk :
Nauka, Sib. otd-nie,
1978.
|
| Subjects: | |
| Tags: |
Add Tag
No Tags, Be the first to tag this record!
|
| LEADER | 01023cam a2200265 i 4500 | ||
|---|---|---|---|
| 001 | 002208043-0 | ||
| 005 | 20150717121249.0 | ||
| 008 | 790801s1978 rur b 00000 ruso | ||
| 010 | |a 79369332 //r83 | ||
| 015 | |a USSR78 | ||
| 020 | |c 2.20rub | ||
| 020 | |c 2.20rub | ||
| 035 | 0 | |a ocm05310167 | |
| 040 | |a DLC |c DLC |d m.c. |d HLS | ||
| 050 | 0 | |a H62 |b .P6875 | |
| 245 | 0 | 0 | |a Problemy razvitii︠a︡ sovremennoĭ nauki : |b [Sb. stateĭ] / |c AN SSSR, Sib. otd-nie, In-t istorii, filologii i filosofii ; [Sost. i avt. predisl. A. T. Moskalenko]. |
| 260 | 0 | |a Novosibirsk : |b Nauka, Sib. otd-nie, |c 1978. | |
| 300 | |a 373 p. ; |c 20 cm. | ||
| 504 | |a Includes bibliographical references. | ||
| 650 | 0 | |a Social sciences |x Methodology. | |
| 710 | 2 | |a Institut istorii, filologii i filosofii (Akademii︠a︡ nauk SSSR) | |
| 700 | 1 | |a Moskalenko, A. T. |q (Alekseĭ Trofimovich) | |
| 776 | 0 | 8 | |i Online version: |t Problemy razvitii͡a sovremennoĭ nauki. |d Novosibirsk : Nauka, Sib. otd-nie, 1978 |w (OCoLC)571572607 |
| 988 | |a 20020608 | ||
| 906 | |0 DLC | ||


